[Event "87o Campeonato Brasileiro Absoluto Final Aberta"]
[Site "Cuiaba MT"]
[Date "2021.10.31"]
[Round "6"]
[Board "46"]
[White "Vicentin, Marcos Tadeu"]
[Black "Correa, Joao Pedro Vieira"]
[Result "1-0"]
[WhiteElo "1961"]
[BlackElo "1750"]
[PlyCount "117"]
[EventDate "2021.10.28"]
[EventRounds "11"]
[EventCountry "BRA"]

1. e4 c5 2. Nc3 d6 3. f4 Nc6 4. Nf3 g6 5. Bb5 Bd7 6. Bxc6 Bxc6 7. d3 Bg7 8. O-O
Nf6 9. Qe1 b5 10. Qh4 b4 11. Ne2 Qd7 12. h3 O-O-O 13. a3 b3 14. c4 Qb7 15. Nc3
Nd7 16. Nd5 Bxd5 17. exd5 Nb6 18. a4 Qd7 19. a5 Na4 20. Ra3 Kc7 21. Ng5 Rdf8
22. Qg4 Qxg4 23. hxg4 Nxb2 24. Rxb3 Rb8 25. Ra3 Rhf8 26. Re1 Kd7 27. Nxh7 Rh8
28. Ng5 Bd4+ 29. Be3 Bxe3+ 30. Rxe3 f6 31. Ne6 Rb4 32. Rh3 Rxh3 33. gxh3 Na4
34. Nf8+ Ke8 35. Nxg6 Kf7 36. f5 Nb2 37. Kh2 Nd1 38. Ra1 Nf2 39. Re1 Nxd3 40.
Rxe7+ Kg8 41. Rxa7 Rxc4 42. Rd7 Rc2+ 43. Kg3 c4 44. Rxd6 c3 45. Rc6 Nb4 46.
Rc8+ Kf7 47. d6 Rd2 48. Rxc3 Rxd6 49. Rc7+ Kg8 50. Re7 Ra6 51. Re6 Rxa5 52.
Rxf6 Nd5 53. Re6 Ra3+ 54. Kh4 Ne3 55. Kg5 Nd5 56. h4 Ra7 57. h5 Rb7 58. h6 Ra7
59. Re8+  1-0

[Event "87o Campeonato Brasileiro Absoluto Final Aberta"]
[Site "Cuiaba MT"]
[Date "2021.10.31"]
[Round "6"]
[Board "47"]
[White "Peixoto, Rudson Marinho"]
[Black "Arruda Filho, Ivo Pereira De"]
[Result "1/2-1/2"]
[WhiteElo "1945"]
[BlackElo "1718"]
[PlyCount "95"]
[EventDate "2021.10.28"]
[EventRounds "11"]
[EventCountry "BRA"]

1. Nf3 Nf6 2. g3 g6 3. Bg2 Bg7 4. d3 d6 5. O-O O-O 6. Nbd2 Nbd7 7. e4 e5 8. Re1
Re8 9. b3 Nf8 10. Bb2 c5 11. a4 Bg4 12. h3 Bxf3 13. Bxf3 Ne6 14. Nf1 Qd7 15.
Bg2 b5 16. Ne3 a6 17. Nd5 Nxd5 18. exd5 Nc7 19. Qd2 b4 20. f4 f6 21. fxe5 fxe5
22. Rf1 Rf8 23. g4 Rxf1+ 24. Rxf1 Rf8 25. Rxf8+ Kxf8 26. c4 a5 27. Bc1 Qf7 28.
Qe2 Ne8 29. Be3 Nf6 30. Qf2 Nd7 31. Qh4 Bf6 32. g5 Bd8 33. Be4 Kg8 34. Qg4 Kg7
35. h4 Kg8 36. Kg2 Kg7 37. Qh3 Kg8 38. Bf3 Nf8 39. Bg4 Kh8 40. Qg3 Kg7 41. Bh3
Kh8 42. Qg4 Kg7 43. Qg3 Bb6 44. Bg4 Kg8 45. Qh3 Bd8 46. h5 Kg7 47. h6+ Kg8 48.
Qg3  1/2-1/2

[Event "87o Campeonato Brasileiro Absoluto Final Aberta"]
[Site "Cuiaba MT"]
[Date "2021.10.31"]
[Round "6"]
[Board "48"]
[White "Panazzolo, Paulo Victor"]
[Black "Silva, Guilherme Henrique De Mora"]
[Result "0-1"]
[WhiteElo "1790"]
[BlackElo "1943"]
[PlyCount "64"]
[EventDate "2021.10.28"]
[EventRounds "11"]
[EventCountry "BRA"]

1. e4 c5 2. Nf3 e6 3. d4 cxd4 4. Nxd4 a6 5. Be2 Nf6 6. Nc3 Qc7 7. O-O d6 8. Kh1
b5 9. a3 Bb7 10. f3 Be7 11. Qe1 Nbd7 12. Be3 d5 13. exd5 Nxd5 14. Nxd5 Bxd5 15.
c3 O-O 16. Bd3 Bf6 17. Rd1 Nb6 18. Qf2 Nc4 19. Rfe1 Nxe3 20. Qxe3 h6 21. Be4
Bg5 22. Qf2 Rad8 23. Ne2 Bb3 24. Rxd8 Rxd8 25. f4 Bf6 26. Ng3 g6 27. Qe3 Qd6
28. h3 Bh4 29. Kh2 Qd2 30. Re2 Qxe3 31. Rxe3 Rd2 32. Ne2 Bf2  0-1

[Event "87o Campeonato Brasileiro Absoluto Final Aberta"]
[Site "Cuiaba MT"]
[Date "2021.10.31"]
[Round "6"]
[Board "49"]
[White "Da Silva, Erick Feitosa"]
[Black "De Souza Monteiro, Marcos Paulo"]
[Result "0-1"]
[WhiteElo "1765"]
[BlackElo "1942"]
[PlyCount "68"]
[EventDate "2021.10.28"]
[EventRounds "11"]
[EventCountry "BRA"]

1. c4 c6 2. e4 d5 3. exd5 cxd5 4. cxd5 Nf6 5. Nc3 Nxd5 6. Nf3 e6 7. d4 Bb4 8.
Qc2 Nc6 9. Bd3 Qf6 10. O-O Bxc3 11. bxc3 h6 12. Ba3 Nde7 13. Be4 O-O 14. Bxc6
bxc6 15. Ne5 Re8 16. Qa4 a5 17. Bxe7 Qxe7 18. Qxc6 Ba6 19. Rfb1 Rec8 20. Qf3 f6
21. Ng4 Qc7 22. Rc1 Rab8 23. Qe4 Qf7 24. Ne3 f5 25. Qe5 f4 26. Nd1 Rb5 27. Qd6
Bb7 28. Rab1 Qg6 29. d5 Rxb1 30. Rxb1 Qxb1 31. Qxe6+ Kh8 32. Qe2 Bxd5 33. f3
Rxc3 34. h4 Rc1  0-1

[Event "87o Campeonato Brasileiro Absoluto Final Aberta"]
[Site "Cuiaba MT"]
[Date "2021.10.31"]
[Round "6"]
[Board "50"]
[White "Rodrigues Mota, Romulo Cardoso S"]
[Black "Okamura, Milton Kasuo"]
[Result "1-0"]
[WhiteElo "1759"]
[BlackElo "1937"]
[PlyCount "93"]
[EventDate "2021.10.28"]
[EventRounds "11"]
[EventCountry "BRA"]

1. e4 c5 2. Nf3 e6 3. d4 cxd4 4. Nxd4 Nc6 5. Be2 Nf6 6. Nc3 Qc7 7. O-O a6 8.
Be3 Bb4 9. Nxc6 bxc6 10. Na4 Be7 11. Bd3 Rb8 12. Nc5 a5 13. Qf3 e5 14. Qg3 Kf8
15. Nb3 d6 16. Nc1 d5 17. f3 Be6 18. b3 h5 19. h4 Qd8 20. Qxe5 Nd7 21. Qh2 Bxh4
22. Qd6+ Be7 23. Qxc6 Rc8 24. Qa4 Nc5 25. Qd4 Nd7 26. exd5 Bf6 27. Qf4 Be5 28.
Qe4 Bxd5 29. Qxd5 Bxa1 30. Bf5 Nf6 31. Qb7 Rb8 32. Qa7 g6 33. Bd3 Kg7 34. Bc4
Qe8 35. Re1 Rd8 36. Nd3 Bc3 37. Bh6+ Rxh6 38. Rxe8 Bd4+ 39. Kf1 Bxa7 40. Rxd8
h4 41. Ra8 Bd4 42. Rxa5 h3 43. gxh3 Rxh3 44. Kg2 Rh8 45. c3 Bxc3 46. Ra7 Rf8
47. Nf4  1-0

[Event "87o Campeonato Brasileiro Absoluto Final Aberta"]
[Site "Cuiaba MT"]
[Date "2021.10.31"]
[Round "6"]
[Board "51"]
[White "Vargas, Roberto Carlos Melgarejo"]
[Black "Gazineu Neto, Rubens"]
[Result "0-1"]
[WhiteElo "1722"]
[BlackElo "1931"]
[PlyCount "98"]
[EventDate "2021.10.28"]
[EventRounds "11"]
[EventCountry "BRA"]

1. d4 d5 2. Bf4 Nf6 3. e3 e6 4. Nd2 c5 5. c3 Nc6 6. Ngf3 Bd6 7. Ne5 Qc7 8. Ndf3
O-O 9. Bd3 b6 10. Nxc6 Qxc6 11. Bxd6 Qxd6 12. O-O a5 13. Ne5 Ba6 14. f4 Bxd3
15. Qxd3 Ne4 16. Rf3 f6 17. Ng4 Rad8 18. Raf1 Qd7 19. Nf2 f5 20. Rh3 Nd6 21.
Qe2 g6 22. Nd3 Qb5 23. Qc2 Nf7 24. Ne5 Nxe5 25. fxe5 Rc8 26. Rhf3 Qc4 27. b3
Qa6 28. c4 dxc4 29. bxc4 cxd4 30. exd4 Qxc4 31. Qb2 Rc6 32. Rb3 Rb8 33. Rb5 Qa4
34. Rc5 Rbc8 35. Rxc6 Rxc6 36. Rb1 Kg7 37. h3 Qc4 38. Kh2 Qd5 39. Qb5 Qe4 40.
Re1 Qd5 41. Qxd5 exd5 42. Kg3 Kf7 43. Kf4 Ke6 44. Rb1 h6 45. g4 g5+ 46. Kg3 f4+
47. Kf3 Kd7 48. Rb5 Rc3+ 49. Kg2 Kc6  0-1

[Event "87o Campeonato Brasileiro Absoluto Final Aberta"]
[Site "Cuiaba MT"]
[Date "2021.10.31"]
[Round "6"]
[Board "52"]
[White "Jorge, Denrick Cabral Jose"]
[Black "Serafim, Paulo Rogerio"]
[Result "1-0"]
[WhiteElo "1927"]
[BlackElo "1441"]
[PlyCount "61"]
[EventDate "2021.10.28"]
[EventRounds "11"]
[EventCountry "BRA"]

1. e4 c5 2. Nc3 g6 3. d3 Bg7 4. Be3 d6 5. Qd2 Nf6 6. Bh6 O-O 7. h4 Bxh6 8. Qxh6
Ng4 9. Qd2 h5 10. Be2 Kg7 11. Nd5 Nc6 12. f3 Nf6 13. Nxf6 exf6 14. g4 hxg4 15.
fxg4 d5 16. O-O-O dxe4 17. g5 fxg5 18. hxg5 exd3 19. Bxd3 Bg4 20. Ne2 Bxe2 21.
Qxe2 Qxg5+ 22. Kb1 Nd4 23. Qe4 b6 24. Rdg1 Qf6 25. c3 Nf3 26. Rg2 Rae8 27. Qb7
Re1+ 28. Rxe1 Nxe1 29. Rxg6+ Qxg6 30. Bxg6 Kxg6 31. Qe7  1-0

[Event "87o Campeonato Brasileiro Absoluto Final Aberta"]
[Site "Cuiaba MT"]
[Date "2021.10.31"]
[Round "6"]
[Board "53"]
[White "Franco Filho, Sinvaldo Barreiros"]
[Black "Costa, Kerginaldo Brito Da"]
[Result "0-1"]
[WhiteElo "1702"]
[BlackElo "1926"]
[PlyCount "94"]
[EventDate "2021.10.28"]
[EventRounds "11"]
[EventCountry "BRA"]

1. e4 c5 2. Nf3 e6 3. c3 d5 4. exd5 Qxd5 5. d4 Nf6 6. Bb5+ Bd7 7. Bd3 Nc6 8.
Na3 Be7 9. Bf4 O-O 10. Nb5 Rac8 11. c4 Qh5 12. O-O cxd4 13. Nbxd4 Rfd8 14. Ne2
Nb4 15. Ng3 Qa5 16. Bd2 Qa6 17. Bxb4 Bxb4 18. Qb3 Bc5 19. a4 Qd6 20. Rad1 Qc7
21. Ne4 Be7 22. h3 Bc6 23. Nxf6+ Bxf6 24. Bb1 g6 25. Nh2 h5 26. Qc2 Qa5 27. b3
Qg5 28. g3 Bd4 29. Rxd4 Rxd4 30. Qc3 Qd2 31. Qa1 a5 32. Bc2 Rcd8 33. Bxg6 fxg6
34. Qa3 Qb4 35. Qc1 Qe7 36. Qh6 Qg7 37. Qg5 e5 38. Re1 Rd1 39. Kf1 Bg2+ 40.
Kxg2 Rxe1 41. Nf3 Red1 42. Nxe5 Kh7 43. Nf3 b6 44. Qb5 Qb7 45. c5 R8d5 46. Kh2
Rxc5 47. Ng5+ Rxg5  0-1

[Event "87o Campeonato Brasileiro Absoluto Final Aberta"]
[Site "Cuiaba MT"]
[Date "2021.10.31"]
[Round "6"]
[Board "54"]
[White "De Oliveira, Yuri Garcia"]
[Black "Do Carmo, Gabriel Carckeno"]
[Result "0-1"]
[WhiteElo "1925"]
[BlackElo "1398"]
[PlyCount "104"]
[EventDate "2021.10.28"]
[EventRounds "11"]
[EventCountry "BRA"]

1. c4 e6 2. g3 Nf6 3. Bg2 d5 4. Nf3 Be7 5. O-O O-O 6. b3 Nbd7 7. Bb2 b6 8. e3
Bb7 9. Qe2 c5 10. Rd1 Qc7 11. Nc3 Rfd8 12. Rac1 Ne4 13. Nb5 Qc6 14. d3 Nd6 15.
a4 Nxb5 16. axb5 Qc7 17. cxd5 Bxd5 18. b4 Qd6 19. e4 Bb3 20. Re1 a6 21. bxa6
Rxa6 22. bxc5 bxc5 23. Bxg7 Kxg7 24. Qb2+ Nf6 25. Qxb3 Qxd3 26. Qxd3 Rxd3 27.
Bf1 c4 28. Bxd3 cxd3 29. Rcd1 Bb4 30. Re3 Bc5 31. Rdxd3 Bxe3 32. Rxe3 Ra4 33.
e5 Nd5 34. Re2 Kg6 35. Kg2 h5 36. Rb2 Re4 37. Nh4+ Kg7 38. f4 Rc4 39. Nf3 Ne3+
40. Kh3 Nf5 41. Rb7 Rc6 42. Ng5 Nh6 43. Rd7 Kg6 44. Ne4 Rb6 45. Nf6 Ra6 46. Rd2
Ra3 47. Rd8 Ra2 48. Ne4 Kg7 49. Rd2 Ra8 50. Kg2 Ra3 51. h3 Nf5 52. Rc2 Ne3+  0-1

[Event "87o Campeonato Brasileiro Absoluto Final Aberta"]
[Site "Cuiaba MT"]
[Date "2021.10.31"]
[Round "6"]
[Board "55"]
[White "Ferreira, Thales Bond Dias"]
[Black "Azevedo Junior, Joao Nunes"]
[Result "1-0"]
[WhiteElo "1805"]
[BlackElo "1919"]
[PlyCount "70"]
[EventDate "2021.10.28"]
[EventRounds "11"]
[EventCountry "BRA"]

1. c4 Nf6 2. Nc3 g6 3. e4 d6 4. d4 Bg7 5. Be2 O-O 6. Nf3 e5 7. d5 a5 8. Bg5 Na6
9. Nd2 c6 10. O-O Qc7 11. a3 Ne8 12. Be3 f5 13. f3 f4 14. Bf2 Qe7 15. Na4 g5
16. Nb6 Rb8 17. Qa4 Bd7 18. Nxd7 Qxd7 19. Qxa5 Ra8 20. Qc3 c5 21. b4 Rc8 22.
Nb3 h5 23. bxc5 dxc5 24. Qa5 Rf6 25. Qb5 Qf7 26. Nxc5 Nd6 27. Qa5 b6 28. Qxa6
bxc5 29. Rfb1 Bf8 30. Rb6 Rc7 31. Rc6 Ra7 32. Qb6 Rb7 33. Qd8 Rd7 34. Qa5 Nb7
35. Qc3 Rdd6  1-0

[Event "87o Campeonato Brasileiro Absoluto Final Aberta"]
[Site "Cuiaba MT"]
[Date "2021.10.31"]
[Round "6"]
[Board "56"]
[White "Cymbalista, Eduardo Cymrot"]
[Black "Rodrigues, Julliano De Araujo"]
[Result "1-0"]
[WhiteElo "1735"]
[BlackElo "1917"]
[PlyCount "55"]
[EventDate "2021.10.28"]
[EventRounds "11"]
[EventCountry "BRA"]

1. e4 e5 2. Nf3 Nc6 3. Bc4 Bc5 4. c3 Nf6 5. d3 d6 6. Nbd2 O-O 7. Nf1 Ne7 8. Ng3
Ng6 9. O-O c6 10. Bg5 h6 11. Be3 Bb6 12. h3 Bc7 13. d4 Nxe4 14. Nxe4 d5 15. Bb3
dxe4 16. Nxe5 Nxe5 17. dxe5 Bxe5 18. Qh5 Qe7 19. Qg6 Kh8 20. Qh5 b6 21. f3 Ba6
22. Rf2 Bg3 23. Rd2 exf3 24. Qxf3 Bd6 25. Rad1 Rad8 26. Bf4 Bc5+ 27. Kh2 Be2
28. Rxe2  1-0

[Event "87o Campeonato Brasileiro Absoluto Final Aberta"]
[Site "Cuiaba MT"]
[Date "2021.10.31"]
[Round "6"]
[Board "59"]
[White "Borges, Ivoney"]
[Black "Dos Santos, Clecio Franca"]
[Result "0-1"]
[WhiteElo "1767"]
[BlackElo "2031"]
[PlyCount "42"]
[EventDate "2021.10.28"]
[EventRounds "11"]
[EventCountry "BRA"]

1. e4 d6 2. f4 Nf6 3. Nc3 g6 4. e5 Nfd7 5. d4 Bg7 6. Nf3 O-O 7. Be3 c5 8. exd6
exd6 9. Qd2 Nc6 10. O-O-O Re8 11. Bf2 Qa5 12. Kb1 Nf6 13. h3 a6 14. d5 Nb4 15.
a3 Ne4 16. Nxe4 Rxe4 17. c3 Bf5 18. Ka1 Qa4 19. Nd4 cxd4 20. cxb4 Re3 21. Bc4
Rxa3+  0-1

[Event "87o Campeonato Brasileiro Absoluto Final Aberta"]
[Site "Cuiaba MT"]
[Date "2021.10.31"]
[Round "6"]
[Board "60"]
[White "Bandeira, Tarciano"]
[Black "Rezende, Uelton Fabricius Alves"]
[Result "1-0"]
[WhiteElo "2026"]
[BlackElo "1784"]
[PlyCount "81"]
[EventDate "2021.10.28"]
[EventRounds "11"]
[EventCountry "BRA"]

1. e4 e5 2. Nf3 Nc6 3. Bc4 Bc5 4. b4 Bxb4 5. c3 Be7 6. d4 d6 7. O-O Nf6 8. Nbd2
O-O 9. Re1 Bg4 10. Qc2 a6 11. Rb1 Qc8 12. h3 Bh5 13. Qd3 Rd8 14. Nh4 Na5 15.
Nf5 Bf8 16. Bb3 Nxb3 17. Rxb3 Bg6 18. g4 d5 19. dxe5 dxe4 20. Qb1 Nd5 21. Qxe4
Rb8 22. f4 Bxf5 23. gxf5 Ne7 24. e6 fxe6 25. fxe6 Rd5 26. c4 Rh5 27. Qf3 Qe8
28. Bb2 Nf5 29. Ne4 Qg6+ 30. Kh2 Rh6 31. Nf6+ Kh8 32. Rg1 Nh4 33. Qf2 Qf5 34.
Nd7 Ng6 35. Nxf8 Rxf8 36. e7 Re8 37. Rg5 Qd7 38. f5 Qxe7 39. Rbg3 Qd6 40. fxg6
hxg6 41. Rd5  1-0

[Event "87o Campeonato Brasileiro Absoluto Final Aberta"]
[Site "Cuiaba MT"]
[Date "2021.10.31"]
[Round "6"]
[Board "61"]
[White "Assad, Leonardo Vaz De Figueiredo"]
[Black "De Andrade, Dalson Holanda Caval"]
[Result "1/2-1/2"]
[WhiteElo "1745"]
[BlackElo "2000"]
[PlyCount "129"]
[EventDate "2021.10.28"]
[EventRounds "11"]
[EventCountry "BRA"]

1. c4 e6 2. Nf3 Nf6 3. g3 d5 4. Bg2 Nbd7 5. O-O dxc4 6. Qa4 a6 7. Qxc4 b5 8.
Qc2 Bb7 9. d4 c5 10. dxc5 Bxc5 11. Bg5 Rc8 12. Qd1 O-O 13. Nbd2 h6 14. Bf4 Nh5
15. Be5 Nxe5 16. Nxe5 Bxg2 17. Kxg2 Bd4 18. Nd3 Nf6 19. Nf3 Ba7 20. Rc1 Qe7 21.
Qd2 Ne4 22. Qf4 Qb7 23. Rxc8 Rxc8 24. Rc1 Rxc1 25. Qxc1 Ng5 26. Nde5 Bd4 27. h4
Nxf3 28. Nxf3 a5 29. Qd2 Bb6 30. Qf4 Bc7 31. Qd4 Qc6 32. Qd3 a4 33. Qc3 Qd7 34.
b3 Bb6 35. bxa4 bxa4 36. Qb4 Bd8 37. Qc4 Bf6 38. e3 g6 39. Nd4 Kf8 40. Kf3 a3
41. Qb4+ Be7 42. Qb8+ Kg7 43. Qb3 h5 44. Nb5 Qb7+ 45. Ke2 Qa6 46. Kf3 Qc6+ 47.
Ke2 Qa6 48. Kf3 Qc6+ 49. Ke2 Qc1 50. Qc3+ Qxc3 51. Nxc3 Kf6 52. Kd3 Ke5 53. f3
f6 54. e4 g5 55. Ne2 gxh4 56. f4+ Kd6 57. gxh4 f5 58. Ng3 Bxh4 59. Nxh5 fxe4+
60. Kxe4 Kc5 61. Ng7 Kc4 62. Nxe6 Bf6 63. f5 Kc3 64. Nc7 Kb2 65. Nb5  1/2-1/2

[Event "87o Campeonato Brasileiro Absoluto Final Aberta"]
[Site "Cuiaba MT"]
[Date "2021.10.31"]
[Round "6"]
[Board "62"]
[White "Cavalcante, Rodrigo Moreira"]
[Black "Leite, Coraci De Jesus"]
[Result "1-0"]
[WhiteElo "1964"]
[BlackElo "1763"]
[PlyCount "31"]
[EventDate "2021.10.28"]
[EventRounds "11"]
[EventCountry "BRA"]

1. e4 c5 2. Nf3 g6 3. d4 cxd4 4. Qxd4 Nf6 5. e5 Nc6 6. Qa4 Nd5 7. c4 Nb6 8. Qb3
d5 9. exd6 Qxd6 10. Be2 Bg7 11. O-O Na5 12. Qb5+ Nc6 13. c5 a6 14. Qxb6 Qe6 15.
Re1 O-O 16. Nc3  1-0

[Event "87o Campeonato Brasileiro Absoluto Final Aberta"]
[Site "Cuiaba MT"]
[Date "2021.10.31"]
[Round "6"]
[Board "63"]
[White "Fernandes, Pedro Guilherme Muniz"]
[Black "Fedrizzi, Roberto Senatore"]
[Result "1/2-1/2"]
[WhiteElo "1682"]
[BlackElo "1962"]
[PlyCount "80"]
[EventDate "2021.10.28"]
[EventRounds "11"]
[EventCountry "BRA"]

1. Nf3 Nf6 2. g3 g6 3. Bg2 Bg7 4. O-O O-O 5. c4 c5 6. Nc3 Nc6 7. e3 d6 8. d4
Bf5 9. b3 Qc8 10. Bb2 Nb4 11. Qd2 Ne4 12. Nxe4 Bxe4 13. a3 Na6 14. dxc5 Bxb2
15. Qxb2 Nxc5 16. b4 Ne6 17. Rac1 b6 18. Nd4 Bxg2 19. Nxe6 Qxe6 20. Kxg2 Rac8
21. Qd4 Rfd8 22. e4 Rd7 23. Rc2 Rdc7 24. Rfc1 f5 25. exf5 Qxf5 26. g4 Qf7 27.
f4 Rf8 28. Qd5 Qxd5+ 29. cxd5 Rxc2+ 30. Rxc2 Rxf4 31. Rc7 Rxg4+ 32. Kf3 Rd4 33.
Rxe7 a5 34. Rb7 axb4 35. axb4 Rxb4 36. Rd7 Rd4 37. Rxd6 b5 38. Rd7 b4 39. Rb7
Rxd5 40. Rxb4 Kg7  1/2-1/2

[Event "87o Campeonato Brasileiro Absoluto Final Aberta"]
[Site "Cuiaba MT"]
[Date "2021.10.31"]
[Round "6"]
[Board "64"]
[White "Cella, Glaucio Dalla Cortt"]
[Black "Bisesar, Maycon Da Costa"]
[Result "1-0"]
[WhiteElo "1961"]
[BlackElo "1742"]
[PlyCount "43"]
[EventDate "2021.10.28"]
[EventRounds "11"]
[EventCountry "BRA"]

1. e4 d6 2. d4 Nf6 3. f3 g6 4. c4 Bg7 5. Nc3 Nbd7 6. Be3 e5 7. d5 a5 8. Nge2 b6
9. g4 Nc5 10. Ng3 h5 11. g5 Nh7 12. h4 Bd7 13. Qc2 Rf8 14. O-O-O Qe7 15. Re1
O-O-O 16. a3 Kb8 17. b4 Nb7 18. Qb3 Qe8 19. c5 dxc5 20. bxc5 c6 21. Qxb6 Ka8
22. Nb5  1-0

[Event "87o Campeonato Brasileiro Absoluto Final Aberta"]
[Site "Cuiaba MT"]
[Date "2021.10.31"]
[Round "6"]
[Board "65"]
[White "Almeida, Tiago De"]
[Black "Cardoso, Lucca Pimenta"]
[Result "1/2-1/2"]
[WhiteElo "1943"]
[BlackElo "1690"]
[PlyCount "92"]
[EventDate "2021.10.28"]
[EventRounds "11"]
[EventCountry "BRA"]

1. d4 d5 2. Nf3 Nf6 3. Bg5 e6 4. e3 Be7 5. c4 O-O 6. Nc3 Nbd7 7. Be2 a6 8. O-O
dxc4 9. Bxc4 b5 10. Be2 Bb7 11. Rc1 c5 12. dxc5 Nxc5 13. b4 Ncd7 14. Qb3 Qb6
15. Rfd1 Rfd8 16. e4 e5 17. Be3 Qe6 18. Qb1 h6 19. a3 Rac8 20. Nd2 Nb8 21. f3
Nh5 22. Nb3 Rxd1+ 23. Bxd1 Nf4 24. Na5 Ba8 25. Bb3 Qg6 26. Bxf4 exf4 27. Nd5
Rxc1+ 28. Qxc1 Bxd5 29. Bxd5 Qb6+ 30. Kf1 Bh4 31. Qc5 Qxc5 32. bxc5 Bd8 33. Nb7
Bc7 34. Ke2 Nd7 35. Kd3 Kf8 36. c6 Ne5+ 37. Kd4 f6 38. Kc3 Ke7 39. a4 bxa4 40.
Kb4 Nd3+ 41. Kxa4 Ne1 42. Nc5 Kd6 43. Ne6 g5 44. Ng7 Ke7 45. Ne6 Kd6 46. Ng7
Ke7  1/2-1/2

[Event "87o Campeonato Brasileiro Absoluto Final Aberta"]
[Site "Cuiaba MT"]
[Date "2021.10.31"]
[Round "6"]
[Board "66"]
[White "Baeta, Marcio Netto"]
[Black "Goetten Wagner, Julia"]
[Result "0-1"]
[WhiteElo "1906"]
[BlackElo "1606"]
[PlyCount "70"]
[EventDate "2021.10.28"]
[EventRounds "11"]
[EventCountry "BRA"]

1. Nf3 Nf6 2. d4 e6 3. g3 c5 4. c3 Nc6 5. Bg2 cxd4 6. cxd4 d5 7. O-O Bd6 8. Nc3
O-O 9. Bg5 h6 10. Bxf6 Qxf6 11. e4 dxe4 12. Nxe4 Qe7 13. d5 exd5 14. Qxd5 Rd8
15. Nxd6 Be6 16. Qb5 Rxd6 17. Ne5 Nxe5 18. Qxe5 Rad8 19. Rac1 Qd7 20. Qc5 b6
21. Qc7 Bxa2 22. Qxd7 R6xd7 23. Bh3 Rd2 24. b4 Rb2 25. Rc7 Rdd2 26. Bf5 g6 27.
Bd7 a6 28. Bc8 Rxb4 29. Bxa6 Rbb2 30. Re7 Be6 31. h4 Bh3 32. Rfe1 Rxf2 33. Re8+
Kg7 34. Bb7 Bg2 35. Ba6 Bf3  0-1

[Event "87o Campeonato Brasileiro Absoluto Final Aberta"]
[Site "Cuiaba MT"]
[Date "2021.10.31"]
[Round "6"]
[Board "67"]
[White "Sopko, Cassio Roberto"]
[Black "Rosa, Diego Jesus Vieira"]
[Result "1/2-1/2"]
[WhiteElo "1877"]
[BlackElo "1558"]
[PlyCount "75"]
[EventDate "2021.10.28"]
[EventRounds "11"]
[EventCountry "BRA"]

1. d4 Nf6 2. g3 e6 3. Bg2 Be7 4. Nf3 O-O 5. O-O d6 6. b3 Nbd7 7. Bb2 c6 8. Qd3
Qc7 9. Nbd2 Re8 10. e4 e5 11. dxe5 dxe5 12. Rfe1 Bc5 13. h3 Qb6 14. Re2 a5 15.
Nc4 Qc7 16. Rd1 b5 17. Nd6 Bxd6 18. Qxd6 Qxd6 19. Rxd6 Bb7 20. Nh4 a4 21. a3
axb3 22. cxb3 Nc5 23. b4 Na4 24. Ba1 Nb6 25. f4 Nc4 26. Rd3 Nh5 27. Bxe5 Nxe5
28. fxe5 Rxe5 29. Ree3 Nf6 30. Nf5 c5 31. bxc5 Bxe4 32. Bxe4 Nxe4 33. Nd6 Nxc5
34. Rxe5 Nxd3 35. Rxb5 g6 36. Rb3 Nc1 37. Re3 Ra6 38. Nb5  1/2-1/2

[Event "87o Campeonato Brasileiro Absoluto Final Aberta"]
[Site "Cuiaba MT"]
[Date "2021.10.31"]
[Round "6"]
[Board "70"]
[White "De Oliveira Filho, Fernando F"]
[Black "Moyses Sobrinho, Elias"]
[Result "1/2-1/2"]
[WhiteElo "1638"]
[BlackElo "1858"]
[PlyCount "101"]
[EventDate "2021.10.28"]
[EventRounds "11"]
[EventCountry "BRA"]

1. d4 Nf6 2. c4 c5 3. d5 b5 4. b3 bxc4 5. bxc4 g6 6. Qc2 Bg7 7. Bb2 d6 8. e4
O-O 9. Be2 Nbd7 10. Nf3 Rb8 11. Bc3 Ng4 12. Bxg7 Kxg7 13. O-O Nge5 14. Nbd2
Nxf3+ 15. Nxf3 Qa5 16. Rab1 Ba6 17. Nd2 Kg8 18. f4 Nb6 19. Rf3 Nd7 20. Rfb3
Rxb3 21. Rxb3 Rb8 22. Rxb8+ Nxb8 23. e5 Nd7 24. exd6 exd6 25. g3 Qb4 26. Ne4
Qb8 27. g4 Qe8 28. Qd3 Qe7 29. g5 f5 30. Nd2 Nb6 31. Kf2 Bc8 32. Qc3 Qg7 33.
Qxg7+ Kxg7 34. Bd1 Bd7 35. Ke2 Ba4 36. Bb3 Bxb3 37. axb3 a5 38. Kd3 a4 39. bxa4
Nxa4 40. Kc2 Kf7 41. Kb3 Nb6 42. h4 Ke7 43. Nf3 Kd7 44. Nd2 Kc7 45. Nf3 Kd7 46.
Nd2 Na8 47. Nf3 Nc7 48. Nd2 Ne8 49. Nf1 Ng7 50. Ng3 Kc7 51. Ka4  1/2-1/2

[Event "87o Campeonato Brasileiro Absoluto Final Aberta"]
[Site "Cuiaba MT"]
[Date "2021.10.31"]
[Round "6"]
[Board "71"]
[White "Andrade, Guilherme A. De Souza"]
[Black "Pironti, Francisco Ferrari"]
[Result "0-1"]
[WhiteElo "1852"]
[BlackElo "1499"]
[PlyCount "68"]
[EventDate "2021.10.28"]
[EventRounds "11"]
[EventCountry "BRA"]

1. d4 Nf6 2. c4 e6 3. Nc3 c5 4. d5 exd5 5. cxd5 d6 6. e4 g6 7. h3 Bg7 8. Nf3
O-O 9. Bd3 b5 10. O-O a6 11. Re1 Re8 12. a3 Nbd7 13. Bf4 Qb6 14. Rc1 Nh5 15.
Be3 Ne5 16. Nxe5 Bxe5 17. b4 Qc7 18. Qd2 c4 19. Bb1 Qd8 20. f4 Bg7 21. Ne2 Nf6
22. Nc3 Bd7 23. Bd4 h6 24. Rcd1 a5 25. e5 dxe5 26. fxe5 Nh7 27. e6 fxe6 28.
Bxg6 e5 29. Bc5 axb4 30. axb4 Ng5 31. Bxe8 Qxe8 32. Ra1 Rxa1 33. Rxa1 Bxh3 34.
gxh3 Nf3+  0-1

[Event "87o Campeonato Brasileiro Absoluto Final Aberta"]
[Site "Cuiaba MT"]
[Date "2021.10.31"]
[Round "6"]
[Board "72"]
[White "Olivo, Anibal Ribeiro"]
[Black "Duailibi, Ricardo Miguel"]
[Result "0-1"]
[WhiteElo "1588"]
[BlackElo "1849"]
[PlyCount "63"]
[EventDate "2021.10.28"]
[EventRounds "11"]
[EventCountry "BRA"]

1. e4 c5 2. Nf3 d6 3. d4 cxd4 4. Nxd4 Nf6 5. Nc3 a6 6. Be2 e5 7. Nb3 Be7 8. O-O
b5 9. a3 Bb7 10. Bf3 Nbd7 11. Qd3 Rc8 12. Be3 Nb6 13. Na5 Ba8 14. Rad1 O-O 15.
Bg5 Nbd7 16. Nb3 h6 17. Be3 Qc7 18. Rd2 Nc5 19. Nxc5 dxc5 20. Nd5 Nxd5 21. exd5
Rcd8 22. b3 f5 23. Rdd1 e4 24. Bxe4 fxe4 25. Qxe4 Bd6 26. c4 Bxh2+ 27. Kh1 Rde8
28. Qg4 Bf4 29. Bxf4 Qxf4 30. Qg6 Re5 31. Rde1 Qh4+ 32. Kg1  0-1

[Event "87o Campeonato Brasileiro Absoluto Final Aberta"]
[Site "Cuiaba MT"]
[Date "2021.10.31"]
[Round "6"]
[Board "73"]
[White "Costa, Ricardo Santos"]
[Black "Paludo, Nicolas Luis Escarantte"]
[Result "1/2-1/2"]
[WhiteElo "1834"]
[BlackElo "1821"]
[PlyCount "77"]
[EventDate "2021.10.28"]
[EventRounds "11"]
[EventCountry "BRA"]

1. Nf3 c5 2. c4 Nc6 3. g3 Nf6 4. Nc3 g6 5. Bg2 Bg7 6. O-O O-O 7. d3 d6 8. Bd2
Bd7 9. a3 Qc8 10. Qc2 Bh3 11. Rac1 Bxg2 12. Kxg2 a6 13. Rfe1 Re8 14. e4 Rb8 15.
Nd5 e6 16. Nxf6+ Bxf6 17. Bc3 Bxc3 18. Qxc3 e5 19. Qd2 Kg7 20. h4 h5 21. Rf1
Rf8 22. Nh2 f5 23. f4 exf4 24. Rxf4 fxe4 25. dxe4 Qe6 26. Nf3 Rxf4 27. Qxf4 Qf6
28. Rd1 Rd8 29. e5 dxe5 30. Qxf6+ Kxf6 31. Rxd8 Nxd8 32. Nd2 Kf5 33. Kf3 Nc6
34. Ne4 b6 35. Ke3 Nd4 36. Nf2 b5 37. Nd3 Ne6 38. b3 bxc4 39. bxc4  1/2-1/2